000 01383cam a2200373 a 4500
999 _c130290
_d130290
001 14973393
003 ARRUPE
005 20200204094813.0
008 070821s2007 enkafj b 001 0beng d
010 _a 2007532319
015 _aGBA715975
_2bnb
016 7 _a013683134
_2Uk
020 _a9780233002071
035 _a(OCoLC)ocm85689612
040 _aUKM
_cUKM
_dYDXCP
_dBTCTA
_dDLC
042 _alccopycat
043 _ae-uk---
050 0 0 _aDA358.R53
_bV37 2009
082 0 4 _a942.055092
_222
100 1 _aVarlow, Sally.
_949335
245 1 4 _aThe Lady Penelope :
_bthe lost tale of love and politics in the court of Elizabeth I /
_cSally Varlow.
250 _a2nd. ed.
260 _aLondon :
_bAndré Deutsch,
_c2009.
300 _a320 p., [9] p. of plates :
_bill. (some col.), geneal. table ;
_c24 cm.
504 _aIncludes bibliographical references (p. 284-313) and index.
600 1 0 _aRich, Penelope,
_cLady,
_d1562?-1607.
_949336
650 0 _aLadies-in-waiting
_zGreat Britain
_vBiography.
_949337
650 0 _aNobility
_zGreat Britain
_vBiography.
_948970
651 0 _aGreat Britain
_xCourt and courtiers
_vBiography.
_949338
651 0 _aGreat Britain
_xHistory
_yElizabeth, 1558-1603.
_911197
906 _a7
_bcbc
_ccopycat
_d2
_encip
_f20
_gy-gencatlg
942 _2lcc
_cMONOGRAPH